000 00276nam a2200109Ia 4500
008 190912s9999||||xx |||||||||||||| ||und||
100 _aFergusson, Rosalind
245 4 _aThe Penguin Dictionary of Proverbs
260 _aLondon
_bPenguin books
_c1983
300 _a331
942 _cBK
999 _c7222
_d7222